Schweizer Hauptorte - Sudden Death - Statistiken

Allgemein
  • Dieses Quiz wurde 4.206 mal gespielt
    3.828 seit der letzten Aktualisierung
  • Das Durchschnittsergebnis liegt bei 6 aus 16
Answers on the Grid
Answers color-coded by a green-red scale on the quiz's grid according to % correct below.
Aarau
Annecy
Appenzell
Baden
Belfort
Bregenz
Büsingen
Chur
Colmar
Frauenfeld
Freiburg
Genf
Glarus
Hanau
Herisau
Karlsruhe
Konstanz
Lausanne
Liestal
Lindau
Montreux
Neuenburg
Olten
Schaffhausen
Sitten
Solothurn
Spiez
St. Gallen
Stans
Thun
Vaduz
Varesse
Zermatt
 
Antwortstatistiken
Antwort % Korrekt
Aarau
67%
Genf
62%
St. Gallen
61%
Chur
49%
Lausanne
48%
Appenzell
47%
Freiburg
42%
Schaffhausen
40%
Glarus
39%
Solothurn
35%
Neuenburg
33%
Frauenfeld
32%
Sitten
26%
Liestal
24%
Herisau
21%
Stans
19%
Keine übereinstimmenden Quizze gefunden
Verteilung der Resultate
Anzahl Personen mit jedem Resultat
Perzentil nach korrekt beantworteten Fragen
Ihre Resultats-Entwicklung
Sie haben dieses Quiz seit der letzten Aktualisierung nicht gespielt